| 000 | 00603nam a2200217 a 4500 | ||
|---|---|---|---|
| 001 | 74695 | ||
| 003 | BD-RjUL | ||
| 005 | 20211209082605.0 | ||
| 008 | 181120s1958 n a|||| b||| 00| 0 eng d | ||
| 035 | _a(BD-RjUL)74913 | ||
| 040 |
_aBD-RjUL _beng _cBD-RjUL |
||
| 041 | _aeng | ||
| 082 |
_223 _a519.5 _bFRS 1958 |
||
| 100 | 1 | _4Fraser, D.A.S. | |
| 245 | 1 | 0 |
_aStatistics : an Introduction / _cD.A.S. Fraser |
| 260 |
_aDhaka : _bMullick Brother, _c1968 |
||
| 300 |
_a398 p. : _bill. ; _c23 cm. |
||
| 504 | _aIncludes bibliographical reference and Index | ||
| 650 |
_aStatistics _9225112 |
||
| 942 |
_2ddc _cBK |
||
| 999 |
_c74695 _d74695 |
||